The anarchist prince; (Record no. 119625)
[ view plain ]
| 000 -LEADER | |
|---|---|
| fixed length control field | 01096cam a2200301 4500 |
| 001 - CONTROL NUMBER | |
| control field | 2181988 |
| 003 - CONTROL NUMBER IDENTIFIER | |
| control field | ARRUPE |
| 005 - DATE AND TIME OF LATEST TRANSACTION | |
| control field | 20140121144302.0 |
| 008 - FIXED-LENGTH DATA ELEMENTS--GENERAL INFORMATION | |
| fixed length control field | 710628s1971 nyuc b 001 0beng |
| 010 ## - LIBRARY OF CONGRESS CONTROL NUMBER | |
| LC control number | 70152571 |
| 020 ## - INTERNATIONAL STANDARD BOOK NUMBER | |
| International Standard Book Number | 0805203052 |
| 040 ## - CATALOGING SOURCE | |
| Original cataloging agency | DLC |
| Transcribing agency | DLC |
| Modifying agency | DLC |
| 050 00 - LIBRARY OF CONGRESS CALL NUMBER | |
| Classification number | HX914.K7 |
| Item number | W6 1971 |
| 051 ## - LIBRARY OF CONGRESS COPY, ISSUE, OFFPRINT STATEMENT | |
| Classification number | HX914.K7 |
| Item number | W6 1971 Copy 3 |
| Copy information | Copy 3. Gift of Paul Avrich, Aug. 26, 1986. |
| 082 00 - DEWEY DECIMAL CLASSIFICATION NUMBER | |
| Classification number | 947.08/0924 |
| -- | B |
| 300 ## - PHYSICAL DESCRIPTION | |
| Other physical details | ports. |
| Dimensions | 21 cm. |
| 100 1# - MAIN ENTRY--PERSONAL NAME | |
| Personal name | Woodcock, George, |
| Dates associated with a name | 1912- |
| 9 (RLIN) | 6849 |
| 245 14 - TITLE STATEMENT | |
| Title | The anarchist prince; |
| Remainder of title | a biographical study of Peter Kropotkin, |
| Statement of responsibility, etc | by George Woodcock and Ivan Avakumović. |
| 260 ## - PUBLICATION, DISTRIBUTION, ETC. (IMPRINT) | |
| Place of publication, distribution, etc | New York, |
| Name of publisher, distributor, etc | Schocken Books |
| Date of publication, distribution, etc | [1971] |
| 300 ## - PHYSICAL DESCRIPTION | |
| Extent | 465 p. |
| 350 ## - PRICE (NR) (BK AM CF MU VM SE) [OBSOLETE] | |
| Price | $3.95 |
| 490 0# - SERIES STATEMENT | |
| Series statement | Studies in the libertarian and utopian tradition |
| 504 ## - BIBLIOGRAPHY, ETC. NOTE | |
| Bibliography, etc | Bibliography: p. 455-459. |
| 600 10 - SUBJECT ADDED ENTRY--PERSONAL NAME | |
| Personal name | Kropotkin, Petr Alekseevich, |
| Titles and other words associated with a name | kni︠a︡zʹ, |
| Dates associated with a name | 1842-1921. |
| 9 (RLIN) | 6850 |
| 700 1# - ADDED ENTRY--PERSONAL NAME | |
| Personal name | Avakumovic, Ivan, |
| Relator term | joint author. |
| 9 (RLIN) | 6851 |
| 710 2# - ADDED ENTRY--CORPORATE NAME | |
| Corporate name or jurisdiction name as entry element | Paul Avrich Collection (Library of Congress) |
| Institution to which field applies | DLC |
| 9 (RLIN) | 6852 |
| 906 ## - LOCAL DATA ELEMENT F, LDF (RLIN) | |
| a | 7 |
| b | cbc |
| c | orignew |
| d | 2 |
| e | ncip |
| f | 19 |
| g | y-gencatlg |
| 942 ## - ADDED ENTRY ELEMENTS (KOHA) | |
| Source of classification or shelving scheme | Library of Congress Classification |
| Koha item type | Monograph ( Printed materials) |
| Withdrawn status | Lost status | Source of classification or shelving scheme | Damaged status | Not for loan | Home library | Current library | Date acquired | Total Checkouts | Full call number | Barcode | Date last seen | Price effective from | Koha item type |
|---|---|---|---|---|---|---|---|---|---|---|---|---|---|
| Library of Congress Classification | ARRUPE LIBRARY | ARRUPE LIBRARY | 21/01/2014 | HX914.K7 W66 1971 | 464122796 | 30/04/2018 | 21/01/2014 | Monograph ( Printed materials) |